Dude Perfect OT segments - Statistics

General Stats
  • This quiz has been taken 74 times
  • The average score is 8 of 23
Answer Stats
Hint Answer % Correct
1 Cool not cool
100%
3 wheel unfortunate
95%
7 get crafty
84%
2 Betcha
73%
8 top 10
60%
4 taste test
47%
18 I spy ty
38%
9 absurd recurds
35%
12 Fun with dentistry
22%
20 bloops
20%
10 hack attack
20%
11 wives vs chad
20%
22 magic time
18%
19 voice box
18%
5 commercial clash
15%
14 pranking with taxidermy
15%
13 sing song
15%
6 smelling bee
15%
21 judge dudy
13%
15 mine doesnt look like that
13%
16 guess the guest
11%
17 awkward situations
9%
23 breaking news
7%
No matching quizzes found
Score Distribution
Percent of People with Each Score
Percentile by Number Answered
Your Score History
You have not taken this quiz